The ODBC solution : open database connectivity in distributed environments

Αποθηκεύτηκε σε:
Λεπτομέρειες βιβλιογραφικής εγγραφής
Κύριος συγγραφέας: Signore, Robert
Άλλοι συγγραφείς: Creamer, John, Stegman, Michael O.
Μορφή: Βιβλίο
Γλώσσα:English
Δημοσίευση: New York ; San Francisco : McGraw Hill, c1995
Σειρά:McGraw-Hill series on computer communications
Θέματα:
Ετικέτες: Προσθήκη ετικέτας
Δεν υπάρχουν, Καταχωρήστε ετικέτα πρώτοι!

MARC

LEADER 00000nam a2200000 i 4500
001 1/102192
008 000405s1995 eng d
020 |a 0079118801 
035 |l 10057981 
040 |a GR-MY-UA  |b gre  |e aacr 
041 0 |a eng 
082 0 |a 005.758 
100 0 |a Signore, Robert. 
245 1 4 |a The ODBC solution :  |b open database connectivity in distributed environments /  |c Robert Signore, John Creamer, Michael O. Stegman 
260 |a New York ; San Francisco :   |b McGraw Hill,   |c c1995 
300 |a xvii, 267 p.;  |b ill.;  |c 25 cm.+  |e 1 computer disk (3 1/2 in.) 
490 1 |a McGraw-Hill series on computer communications 
504 |a Includes index 
630 0 0 |a ODBC. 
650 0 0 |a Database management. 
700 0 |a Creamer, John. 
700 1 |a Stegman, Michael O. 
830 0 |a McGraw-Hill series on computer communications 
852 |a INST  |b SAMOS  |e 20000405  |h 005.758 SIG  |p 005300018158  |q 005300018158  |t BK  |y 0 
852 |a INST  |b SAMOS  |e 20000405  |h 005.758 SIG   |p 005300015284  |q 005300015284  |t BK  |y 0 
901 |a BIBL3-2000-1 
909 |a Σ  |b 074033 
909 |a Σ  |b 074034 
922 |a 3ΕΛΗ  |b 200001  |c ΤΠΕΣ  |d ΠΑΠΑΣΩΤΗΡΙΟΥ 
950 |a 133-1999-07-20 
970 |a ΓΕΝΟΥΖΟΥ  |b ΧΡΥΣΑΝΘΗ  |z 2000/04/05